000 00407nam a22001337a 4500
020 _qHB.
040 _cFIZZA ISHAQ
082 _a031
_bGRO
100 _a Jeffrey H. Hacker, Bernard S. Cayne.
_9134328
245 _aEncyclopedia Yearbook, 1987 /
_c Bernard S. Cayne Jeffrey H. Hacker.
260 _aNew York:
_bGrolier Incorporated Yearbook,
_c1987.
300 _a 608 p. : ill. ;
_c26 cm
942 _2ddc
_cBK
999 _c617316
_d617316